It looks like you're offline.
Open Library logo
additional options menu

MARC record from Internet Archive

LEADER: 00448cam a2200169 a 4500
001 ea146de0e39a4a2b9b307a09f1afb6b3
003 UK-BiTAL
005 20050705152323.0
008 960906s1995 xxu | 000 ||eng|d
020 $a0446404616
035 $a()0446404616
040 $aNB$cNB$dUK-BiTAL
245 00 $aMurder for Halloween.
260 $aNew York :$bWarner Press,$c1995.
300 $a412p. ;$c18 cm.
700 1 $aSlung, Michelle.
700 1 $aHartman, Roland.